| 000 | 00605nam a22001577a 4500 | ||
|---|---|---|---|
| 003 | 0 | ||
| 005 | 20231106135910.0 | ||
| 008 | 221004b xxu||||| |||| 00| 0 eng d | ||
| 050 |
_aHF5636 _b.A74 2022 |
||
| 100 | _aKatrina Paola O. Arevalo | ||
| 245 |
_aThe impact of digitalization on accounting practices of MSMEs in the food and restaurant industry in the City of Paranaque _cKatrina Paola O. Arevalo |
||
| 260 |
_aLas Pinas, Philippines _bSouthville International School and Colleges _cC2022 |
||
| 300 |
_aix,127pp. _c28cm. _fTheses |
||
| 500 | _aAccounting--technological innovations. | ||
| 942 |
_2lcc _cTH |
||
| 999 |
_c364817 _d364817 |
||